| 000 | 01943nam0a2200373 4500 | ||
|---|---|---|---|
| 001 | RU\NLR\bibl\1808705 | ||
| 005 | 20250616152744.0 | ||
| 021 |
_aRU _b2011-60832 _94283 |
||
| 035 | _a(nilc)RSL-KNO-004986279 | ||
| 035 | _a(NLR Aleph) 001799337 | ||
| 090 |
_a1789590 _c1789590 |
||
| 100 | _a20110809d2011 |||y0rusy50 ca | ||
| 101 | 0 | _arus | |
| 102 | _aRU | ||
| 105 | _aa zzzz||||| | ||
| 200 | 1 |
_aОрганизация и планирование производства _eучебное пособие _e[по направлению 210200 "Проектирование и технология электронных средств", специальности 210201 "Проектирование и технология радиоэлектронных средств"] _fИ.А. Бейнар _gФГБОУ ВПО "Воронежский гос. технический ун-т" |
|
| 210 |
_aВоронеж _cВоронежский гос. технический ун-т _d2011 |
||
| 215 |
_a131 с. _cил., табл. _d21 |
||
| 320 | _aБиблиогр.: с. 128-129 (16 назв.) | ||
| 606 | 1 |
_aПромышленные предприятия _jУчебные издания для высших учебных заведений _xОрганизация _91279588 _3RU\NLR\auth\66209801 |
|
| 606 | 1 |
_aПромышленные предприятия _jУчебные издания для высших учебных заведений _xПланирование _91282091 _3RU\NLR\auth\66211160 |
|
| 686 |
_aУ9(2)301-801я73-1 _2rubbk |
||
| 686 |
_aУ9(2)301-23я73-1 _2rubbk |
||
| 686 | _aУ30(2)-801я73 | ||
| 686 | _aУ30(2)-23я73 | ||
| 700 | 1 |
_aБейнар _bИ. А. _gИрина Анатольевна _4070 |
|
| 801 | 0 |
_aRU _bRuMoRKP _c20110809 _grcr |
|
| 801 | 1 |
_aRU _bRuMoRGB _c20110809 |
|
| 801 | 2 |
_aRU _bNLR _c20110913 _grcr |
|
| 830 | _aавт. по кн. | ||
| 942 | _cBOOK | ||
| 980 | _aNB | ||
| 980 | _aNBR | ||